Popularne zagraniczne piosenki w Polsce. 16-22.07 Spotify - Statystyki

Ogólne statystyki
  • Ten quiz został rozwiązany 5 razy
  • Średni wynik to 5 z 30
Statystyki odpowiedzi
Wykonawca Odsłuchania Utwór % Poprawnych
Maneskin 1.00M I WANNA BE YOUR SLAVE
80%
Maneskin 745K Beggin'
60%
The Weeknd 248K Blinding Lights
60%
Olivia Rodrigo 494K good 4 u
60%
Maneskin 413K ZITTI E BUONI
60%
The Weeknd, Ariana Grande 287K Save Your Tears (Remix)
40%
Masked Wolf 284K Astronaut In The Ocean
20%
Imagine Dragons 267K Follow You
20%
Riton, Nightcrawlers, Mufasa, Hypeman 506K Friday
20%
Doja Cat, SZA 318K Kiss Me More
20%
Dua Lipa, DaBaby 366K Levitating
20%
Dua Lipa 249K Love Again
20%
Lil Nas X 391K MONTERO (Call Me By Your Name)
20%
Ed Sheeran 722K Bad Habits
0%
Olivia Rodrigo 236K deja vu
0%
Kris Kross Amsterdam, Shaggy, Conor Maynard 225K Early In The Morning
0%
Surf Curse 267K Freaks
0%
Joel Corry, MNEK 233K Head & Heart
0%
Justin Wellington, Small Jam 239K Iko Iko (My Bestie)
0%
Tom Grennan 323K Little Bit of Love
0%
Kungs 358K Never Going Home
0%
Justin Bieber, Daniel Caesar, Giveon 266K Peaches
0%
Minelli 361K Rampampam
0%
Majestic, Boney M. 314K Rasputin
0%
OneRepublic 294K Run
0%
The Kid LAROI, Justin Bieber 364K Stay
0%
Olivia Addams 394K Stranger
0%
Tiesto 287K The Business
0%
Ofenbach, Lagique 239K Wasted Love
0%
ATB, Topic, A7S 261K Your Love (9PM)
0%
Nie znaleziono quizów pasujących do podanych kryteriów
Rozkład punktacji
Procent ludzi z każdym wynikiem
Percentyl według liczby udzielonych odpowiedzi
Twoja historia wyników
Nie rozwiązałeś tego quizu